000 00353nam a22001577a 4500
005 20251108172405.0
008 250721s1966 xx 000 0 eng d
082 1 4 _aF/COC
100 1 _aCockett, Mary
245 1 0 _aRoads and travelling /
264 1 _aLondon :
_c1966.
300 _a63p.
650 1 7 _aFiction
942 _2ddc
_cBK
999 _c78069
_d78069